What's your emotional IQ : (Record no. 103224)

MARC details
000 -LEADER
fixed length control field 00565nam a22001817a 4500
005 - DATE AND TIME OF LATEST TRANSACTION
control field 20160929103002.0
010 ## - LCCN (DPL NO)
LC control number EN-115982
020 ## - INTERNATIONAL STANDARD BOOK NUMBER
International Standard Book Number 9789383420865
Terms of availability 150.00
035 ## - SYSTEM CONTROL NUMBER
System control number EN-99514
037 ## - SOURCE OF ACQUISITION
Source of stock number/acquisition DBAD/PUB
082 ## - DEWEY DECIMAL CLASSIFICATION NUMBER
Classification number 152.4
100 ## - MAIN ENTRY--PERSONAL NAME
Personal name Chattopadhyay,Aparna
245 ## - TITLE STATEMENT
Title What's your emotional IQ :
Remainder of title over 600 psychological quizzes /
Statement of responsibility, etc by Aparna Chattopadhyay
260 ## - PUBLICATION, DISTRIBUTION, ETC. (IMPRINT)
Place of publication, distribution, etc New Delhi
Name of publisher, distributor, etc V&S Publishers
Date of publication, distribution, etc 2015
270 ## - ADDRESS
Address F-2/16,Ansari Road,Daryaganj
City New Delhi
Postal code 110002
300 ## - PHYSICAL DESCRIPTION
Extent 175p.
Dimensions 22cm (pbk)
942 ## - ADDED ENTRY ELEMENTS (KOHA)
Source of classification or shelving scheme Dewey Decimal Classification
Item type English Books
Classification part 152.4
Call number suffix CHA
Holdings
Withdrawn status Lost status Not for loan Collection code Home library Current library Date acquired Source of acquisition Cost, normal purchase price Full call number Barcode Copy number Cost, replacement price Koha item type
    Not For Loan Non-fiction D.B.Act.Division Bawana 09/09/2016 DBAD/PUB 150.00 152.4 CHA EN-99514 1 150.00 English Books

© Delhi Public Library
Hit Counter
free hit counter